Manual de Tarconi / (Registro nro. 9751)
[ vista simple ]
| 000 -LIDER | |
|---|---|
| fixed length control field | 00721nam a22002891i 4500 |
| 001 - NÚMERO DE CONTROL | |
| Identificador de número de control | 0789550 |
| 003 - IDENTIFICACDOR DE NÚMERO DE CONTROL | |
| control field | DO-SdBNP |
| 005 - DATE AND TIME OF LATEST TRANSACTION | |
| control field | 20180226131330.0 |
| 007 - CAMPOS FIJOS DE DESCRIPCIÓN FÍSICA | |
| fixed length control field | 0789550 |
| 008 - ELEMENTOS DE LONGITUD FIJA | |
| fixed length control field | 900725s1977 sp spa |
| 016 7# - NO. DE CONTROL DE LA AGENCIA BIB. NACIONAL | |
| Record control number | |
| Source | BPMSU |
| 017 ## - NÚMERO DE REGISTRO DE DERECHOS DE AUTOR | |
| Copyright or legal deposit number | |
| Assigning agency | |
| 020 ## - ISBN | |
| International Standard Book Number | 8485297008 |
| Terms of availability | |
| 035 ## - NÚMERO LOCAL | |
| System control number | |
| 035 ## - NÚMERO LOCAL | |
| System control number | |
| 040 ## - FUENTE DE CATALOGACIÓN | |
| Agencia que crea de manera original el registro | BPMSU |
| Idioma de catalogación | spa |
| Agencia que realiza la transcripción | BPMSU |
| 080 #0 - NÚMERO DE CLASIFICACIÓN DECIMAL UNIVERSAL | |
| Universal Decimal Classification number | |
| 100 1# - ASIENTO PRINCIPAL -- NOMBRE PERSONAL | |
| Fechas asociadas con el nombre | |
| 110 ## - ASIENTO PRINCIPAL--NOMBRE CORPORATIVO | |
| Lugar de la reunión | Wolt Disney Productions |
| 245 10 - MENCIÓN DE TITULO | |
| Título | Manual de Tarconi / |
| Medio (Designación general de material) | |
| Mención de responsabilidad | Walt Disney |
| 260 ## - PUBLICACIÓN, DISTRIBUCIÓN, ETC. (PIE DE IMPRENTA) | |
| Lugar de publicación, distribución, etc | Madrid : |
| Nombre del editor, distribuidor, etc. | Montena, |
| Fecha de publicación, distribución, etc | 1977 |
| 300 ## - DESCRIPCIÓN FÍSICA | |
| Extensión | 254 p. : |
| Otros detalles físicos | il. ; |
| Dimensiones | 20 cm |
| 650 #7 - ENCABEZAMIENTO DE MATERIA--TEMÁTICO | |
| Término temático o nombre geográfico como elemento de entrada | Inventos |
| Subdivisión de forma | Libros infantiles |
| Fuente del encabezamiento o término | embne |
| 942 ## - ADDED ENTRY ELEMENTS (KOHA) | |
| Source of classification or shelving scheme | Dewey Decimal Classification |
| Koha item type | Libros |
| 945 ## - INFORMACIÓN DE PROCESAMIENTO LOCAL | |
| Información de procesamiento local | Inventariado, 2018 / BT |
| 956 ## - LOCAL ELECTRONIC LOCATION AND ACCESS (OCLC) | |
| Nombre de host | VMATEO |
| Método de acceso | 10 |
| Materiales especificados | 20160413 |
| Enlace | BPMSU |
| Campo enlazado y núm. de secuencia | 0069 |
| Withdrawn status | Lost status | Source of classification or shelving scheme | Damaged status | Not for loan | Collection code | Home library | Current library | Date acquired | Source of acquisition | Total Checkouts | Barcode | Date last seen | Price effective from | Koha item type |
|---|---|---|---|---|---|---|---|---|---|---|---|---|---|---|
| Dewey Decimal Classification | Colección Infantil General | Biblioteca Pública Metropolitana Salomé Ureña | Biblioteca Pública Metropolitana Salomé Ureña | 04/13/2016 | FUNDI | BPMSU16040411 | 04/13/2016 | 04/13/2016 | Libros |